000 00513cam a22001692a 4500
001 000311
003 AR-FADEU
008 311216n1979####xxu####################dd
100 _aRodríguez de Torcigliani, Susana Nieves
245 _aRevista del museo provincial
260 _bDirección provincial de museos, monumentos y archivo histórico
260 _aNeuquén
260 _c1979
440 _ahistoria regional
_n2
650 _aHISTORIA REGIONAL; MUSEO; ARAUCANOS; NEUQUEN-HISTORIA
942 _cFOLLETO
999 _c1125
_d1125